header

Contemporary theatre in education (Record no. 222205)

MARC details
000 -LEADER
fixed length control field 01095nam a2200289Ia 4500
100 1# - MAIN ENTRY--AUTHOR NAME
Personal name Wooster, Roger.
245 10 - TITLE STATEMENT
Title Contemporary theatre in education
260 ## - PUBLICATION, DISTRIBUTION, ETC. (IMPRINT)
Place of publication Bristol, UK ;
-- Chicago, USA :
Name of publisher Intellect,
Year of publication 2007.
300 ## - PHYSICAL DESCRIPTION
Number of Pages viii, 160 p.
650 #0 - SUBJECT ADDED ENTRY--TOPICAL TERM
Topical Term Drama in education.
Topical Term Amateur theater.
856 40 - ELECTRONIC LOCATION AND ACCESS
Uniform Resource Identifier http://site.ebrary.com/lib/rucke/Doc?id=10202484

No items available.

© 2026 Rongo University
Contact us: librarian | system librarian | Rongo university